Get the Picture: Where's 'B' in the World? Quiz Stats

 Plays Quiz Updated Sep 20, 2019

Score 0/16 Timer 02:00
0 Plays Today
Question Answer Wrong Answers
Boston Northwest
92%
Northeast
0.9%
Southwest
0.4%
Southeast
0.2%
Brasília Southwest
91.4%
Northwest
1.1%
Northeast
0.7%
Southeast
0.4%
Baghdad Northeast
90.7%
Northwest
1.3%
Southwest
0.3%
Southeast
1.2%
Buenos Aires Southwest
89.9%
Northwest
1.8%
Northeast
1%
Southeast
0.4%
Brisbane Southeast
87.5%
Northwest
3%
Northeast
2.4%
Southwest
0.5%
Bogotá Southwest
85.4%
Northwest
2.9%
Northeast
3.1%
Southeast
1.6%
Bishkek Northeast
85%
Northwest
2.3%
Southwest
0.9%
Southeast
4.5%
Barcelona Northwest
84.8%
Northeast
7%
Southwest
1.5%
Southeast
0.4%
Bangkok Northeast
76.4%
Northwest
0.5%
Southwest
0.3%
Southeast
16.4%
Berlin Northwest
72.9%
Northeast
20.2%
Southwest
0.2%
Southeast
0.3%
Belo Horizonte Southwest
70.9%
Northwest
6%
Northeast
6.9%
Southeast
9.2%
Bulawayo Southeast
68.1%
Northwest
4%
Northeast
15.1%
Southwest
5.7%
Bloemfontein Southeast
66.2%
Northwest
11.3%
Northeast
13%
Southwest
2.9%
Belgrade Northeast
63.5%
Northwest
28.3%
Southwest
0.6%
Southeast
0.8%
Bilbao Northwest
54.2%
Northeast
11.1%
Southwest
11.8%
Southeast
15.8%
Bandung Southeast
36.1%
Northwest
2.1%
Northeast
52.8%
Southwest
1.8%

Today's Daily Dose

Missing Word
Banned Books (A-Z)

Word Ladder
Janis Joplin

Get the Picture
Occupations

You're not logged in!

Compare scores with friends on all Sporcle quizzes.
OR
Log In

Sporcle TV

Today on Sporcle TV


Watch our educational content, quiz creation guides, and fun videos on Sporcle TV.

Show Comments

Extras

Top Quizzes Today


Score Distribution

Your Account Isn't Verified!

In order to create a playlist on Sporcle, you need to verify the email address you used during registration. Go to your Sporcle Settings to finish the process.

Report this User

Report this user for behavior that violates our Community Guidelines.

Details: